000 00328nam a22001337a 4500
999 _c13226
_d13226
020 _a9788126508174
082 _a621.319
100 _aRichard C.Dorf & James A.Svodoba
245 _aIntroduction to Electric Circuits
250 _a6th Edition
260 _aIndia
_bJohn Wiley & Sons
_c2007
300 _a809 pages
942 _cBK